(A) textbook of engineering mathematics (Record no. 602)

MARC details
000 -LEADER
Fixed length control field 00460nam a2200181 4500
003 - CONTROL NUMBER IDENTIFIER
Control field SEACOMEC
005 - DATE AND TIME OF LATEST TRANSACTION
Control field 20240208130450.0
008 - FIXED-LENGTH DATA ELEMENTS--GENERAL INFORMATION
Fixed length control field 240208b |||||||| |||| 00| 0 eng d
020 ## - INTERNATIONAL STANDARD BOOK NUMBER / ISBN
Price Rs.310.00
040 ## - CATALOGING SOURCE
Original cataloging agency SEACOMEC
082 ## - DEWEY DECIMAL CLASSIFICATION NUMBER
Classification number 510.02462
Book Number P979
100 ## - MAIN ENTRY--PERSONAL NAME
Personal name Pujar,S.S.
245 12 - TITLE STATEMENT
Title (A) textbook of engineering mathematics
Statement of responsibility S.S. Pujar,S.P. Malgmde
260 ## - IMPRINT
Place of publication Pune
Name of publisher Everest
Date of publication 2004
650 ## - SUBJECT ADDED ENTRY--TOPICAL TERM
Topical term mathematics,
700 ## - ADDED ENTRY--PERSONAL NAME
Personal name Malgmde,S.P.
942 ## - ADDED ENTRY ELEMENTS (KOHA)
Koha item type Books
Holdings
Withdrawn status Lost status Source of classification Damaged status Not for loan Home library Current library Date acquired Total Checkouts Call number Accession number Date last seen Copy number Price effective from Koha item type
    Dewey Decimal Classification     SEACOM ENGINEERING COLLEGE SEACOM ENGINEERING COLLEGE 07/06/2006   510.02462 P979 02236 08/02/2024 3 08/02/2024 Books
    Dewey Decimal Classification     SEACOM ENGINEERING COLLEGE SEACOM ENGINEERING COLLEGE 07/06/2006   510.02462 P979 02237 08/02/2024 4 08/02/2024 Books
    Dewey Decimal Classification     SEACOM ENGINEERING COLLEGE SEACOM ENGINEERING COLLEGE 07/06/2006   510.02462 P979 02238 08/02/2024 5 08/02/2024 Books
    Dewey Decimal Classification     SEACOM ENGINEERING COLLEGE SEACOM ENGINEERING COLLEGE 07/06/2006   510.02462 P979 02239 08/02/2024 2 08/02/2024 Books
    Dewey Decimal Classification     SEACOM ENGINEERING COLLEGE SEACOM ENGINEERING COLLEGE 07/06/2006   510.02462 P979 02240 08/02/2024 3 08/02/2024 Books
© Seacom Engineering College, All rights reserved.      Powered by Koha